| 000 | 00919nam a2200265 i 4500 | ||
|---|---|---|---|
| 001 | 111213 | ||
| 003 | ES-SlBCS | ||
| 005 | 20210327224057.0 | ||
| 007 | ta | ||
| 008 | 150107s1989 uk d 1010 fre d | ||
| 020 | _a0860546705 | ||
| 040 |
_aES-SlBCS _bspa _erdc |
||
| 080 | _a061.3 | ||
| 080 | _a903 | ||
| 080 | _a939 | ||
| 245 | 0 | 2 |
_aL'urbanisation de la Palestine à l'age du bronze ancien : bilan et perspectives des recherches actuelles : _bactes du Colloque d'Emmaus (20-24 octobre 1986) _cédités par Pierre de Moraschedji |
| 260 |
_aOxford : _bBritish Archaeological Reports, _c1989. |
||
| 300 |
_a2 v. : _bil. ; _c29 cm. |
||
| 490 | 0 |
_aBAR International Series _v527 (i-ii) |
|
| 594 | _aédités par Pierre de Miroschedji. | ||
| 650 | 4 |
_aHistoria. _92130 |
|
| 650 | 4 |
_aEdad del Bronce _zPalestina _vCongresos, conferencias, etc. _998688 |
|
| 700 | 1 |
_aMiroschedji, Pierre de _998689 |
|
| 942 |
_2lcc _cBK |
||
| 999 |
_c458891 _d458891 |
||